Statistical inference: (Record no. 32534)

MARC details
000 -LEADER
fixed length control field 00912cam a22002294a 4500
005 - DATE AND TIME OF LATEST TRANSACTION
control field 20041101114942.0
008 - FIXED-LENGTH DATA ELEMENTS--GENERAL INFORMATION
fixed length control field 040512s2005 njua 001 0 eng
010 ## - LCCN (DPL NO)
LC control number ENG-95622
020 ## - INTERNATIONAL STANDARD BOOK NUMBER
International Standard Book Number 9788120337282
Terms of availability 378.00
035 ## - SYSTEM CONTROL NUMBER
System control number EN-79155
037 ## - SOURCE OF ACQUISITION
Source of stock number/acquisition DBAD/PUB
040 ## - CATALOGING SOURCE
Original cataloging agency DPL
100 ## - MAIN ENTRY--PERSONAL NAME
Personal name Srivastava, Manoj Kumar
245 ## - TITLE STATEMENT
Title Statistical inference:
Statement of responsibility, etc by Manoj Kumar Srivastava [and] Namita Srivastava
Remainder of title tesitng of hypotheses/
260 ## - PUBLICATION, DISTRIBUTION, ETC. (IMPRINT)
Place of publication, distribution, etc New Delhi
Name of publisher, distributor, etc PHI Learining p.Ltd
Date of publication, distribution, etc 2009
300 ## - PHYSICAL DESCRIPTION
Extent xi, 403 p. :
Dimensions 23 cm.(Pbk)
500 ## - GENERAL NOTE
General note Includes index.
700 ## - ADDED ENTRY--PERSONAL NAME
Personal name Srivastava, Namita
942 ## - ADDED ENTRY ELEMENTS (KOHA)
Source of classification or shelving scheme Dewey Decimal Classification
Item type English Books
Call number suffix SRI
Holdings
Withdrawn status Lost status Source of classification or shelving scheme Damaged status Not for loan Collection code Home library Current library Date acquired Source of acquisition Cost, normal purchase price Total Checkouts Full call number Barcode Date last seen Copy number Cost, replacement price Koha item type
    Dewey Decimal Classification   Not For Loan Non-fiction D.B.Act.Division D.B.Act.Division 11/12/2009 DBAD / PUB 375.00   SRI EN-79155 11/12/2009 1 375.00 English Books

© Delhi Public Library
Hit Counter
free hit counter